Elektronické registračné pokladnice

Povinnosti daňových subjektov, na ktorých sa vzťahuje používanie elektronických registračných pokladníc. Vyhláškou MF SR č.55/1994 Z.z. o spôsobe vedenia evidencie tržieb elektronickou registračnou pokladnicou (ERP) bol ustanovený termín, rozsah, podmienky a ďalšie podrobnosti používania ERP a spôso...

Description complète

Enregistré dans:
Détails bibliographiques
Auteur principal: Rejta, Martin
Autres auteurs: Rejtová, I.
Format: Chapitre de livre
Langue:slovaque
Sujets:
Tags: Ajouter un tag
Pas de tags, Soyez le premier à ajouter un tag!

MARC

LEADER 00000naa a2200000 4500
001 r028217
005 20230919113120.0
041 0 |a slo 
044 |a SK 
245 1 0 |a Elektronické registračné pokladnice  |c Martin Rejta, I. Rejtová 
520 |a Povinnosti daňových subjektov, na ktorých sa vzťahuje používanie elektronických registračných pokladníc. Vyhláškou MF SR č.55/1994 Z.z. o spôsobe vedenia evidencie tržieb elektronickou registračnou pokladnicou (ERP) bol ustanovený termín, rozsah, podmienky a ďalšie podrobnosti používania ERP a spôsob vedenia tržieb. Novelizácia uvedenej vyhlášky. Povinnosť používať ERP. Sankcie za nedodržanie ustanovení vyhlášky. 
610 2 0 |a pokladnice kontrolné 
610 2 0 |a evidencia 
610 2 0 |a tržby 
610 2 0 |a vyhlášky 
610 2 0 |a MF SR Bratislava 
610 2 0 |a 1992-1996 
610 2 0 |a legislatíva 
610 2 0 |a daňovníci 
610 2 0 |a podnikatelia 
610 2 0 |a podnikanie 
610 2 0 |a sankcie 
100 1 |a Rejta, Martin 
700 1 |a Rejtová, I.